=LDR 00000nam 2200000 4500 =001 INLIS000000000025875 =005 20130612124343 =008 ***********************************Ind** =035 ##$$0010-061300000025875 =041 ##$$a Ind =082 ##$$a 635 =090 ##$$a 635, Pra b =100 ##$$a Prasodjo =245 ##$$a Budidaya bawang merah, Prasodjo =260 ##$$a 1983 $b Bandung =300 ##$$a 67 hlm, ilus, 21 cm =650 ##$$a Bawang merah =850 ##$$a NBPNMAT